Day #65: Countries 6500 km away from Germany - Statistics

General Stats
  • This quiz has been taken 14 times
  • The average score is 11 of 13
Answer Stats
Answer % Correct
China
100%
Russia
100%
Canada
93%
Democratic Republic of the Congo
93%
India
93%
Nepal
93%
Tanzania
93%
United States
93%
Angola
86%
Mongolia
86%
Kenya
79%
Burundi
71%
Somalia
57%
No matching quizzes found
Score Distribution
Percent of People with Each Score
Percentile by Number Answered
Your Score History
You have not taken this quiz